| 000 | 00520nam a2200145Ia 4500 | ||
|---|---|---|---|
| 008 | 100122s9999 xx 000 0 und d | ||
| 082 |
_b31474 _a920.054 |
||
| 100 | _aसरदेसाई लक्ष्मणराव | ||
| 245 | _aगोव्याकडची माणसं | ||
| 260 |
_bआर्यसंस्कृति प्रकाशन _c1981 |
||
| 300 | _a95 | ||
| 630 | _aगोव्याकडची माणसं | ||
| 730 | _aगोव्याकडची माणसं | ||
| 942 | _cBOOK | ||
| 999 |
_c416063 _d416060 |
||